Technológiai katasztrófák és a politika Csernobil és a glasznoszty /
Elmentve itt :
| Szerző: | |
|---|---|
| Dokumentumtípus: | Könyv része |
| Megjelent: |
2012
|
| Sorozat: | A vörösiszap katasztrófa a nemzetközi jog és politiológia fényében
Természeti és ipari katasztrófák |
| Kulcsszavak: | Csernobil - atomerőmű - katasztrófa - 1986, Politikai változások - Szovjetunió - 1980-as évek |
| Tárgyszavak: | |
| Online Access: | http://acta.bibl.u-szeged.hu/71149 |
| LEADER | 01018naa a2200241 i 4500 | ||
|---|---|---|---|
| 001 | acta71149 | ||
| 005 | 20211201120820.0 | ||
| 008 | 201214s2012 hu o 0|| hun d | ||
| 020 | |a 978 963 306 134 3 | ||
| 040 | |a SZTE Egyetemi Kiadványok Repozitórium |b hun | ||
| 041 | |a hun | ||
| 100 | 1 | |a Botyánszki Alexandra | |
| 245 | 1 | 0 | |a Technológiai katasztrófák és a politika |h [elektronikus dokumentum] : |b Csernobil és a glasznoszty / |c Botyánszki Alexandra |
| 260 | |c 2012 | ||
| 300 | |a 127-142 | ||
| 490 | 0 | |a A vörösiszap katasztrófa a nemzetközi jog és politiológia fényében | |
| 490 | 0 | |a Természeti és ipari katasztrófák | |
| 650 | 4 | |a Társadalomtudományok | |
| 650 | 4 | |a Politikatudomány | |
| 650 | 4 | |a Bölcsészettudományok | |
| 650 | 4 | |a Történettudomány és régészet | |
| 695 | |a Csernobil - atomerőmű - katasztrófa - 1986, Politikai változások - Szovjetunió - 1980-as évek | ||
| 856 | 4 | 0 | |u http://acta.bibl.u-szeged.hu/71149/1/termeszeti_es_ipari_katasztrofak_127-142.pdf |z Dokumentum-elérés |